000 00740nam a2200253Ia 4500
003 OSt
005 20220918190616.0
006 a|||||r|||| 00| 0
007 ta
008 220917b |||||||| |||| 00| 0 eng d
024 _a58,154
037 _cTextual
040 _aARTS
_cARTS
_beng
041 _2eng
_aeng
082 _aQ1:1, K5
100 _aDandekar R N
_92273
245 0 _aVedic religion and mythology
_b a survey of the work of some western scholars
260 _aPoona
_bUniversity of Poona India
_c1965
300 _a53p.
_ccm.
490 _aPublications of the centre of advanced study in sanskrit; 1
650 _aRELIGION
942 _hQ1:1, K5
_cTEXL
_2CC
999 _c186125
_d186125